Vista normal
Vista MARC
Entrada Personal Name
Número de registros utilizados en: 1
001 - CONTROL NUMBER
- control field: 15318
003 - CONTROL NUMBER IDENTIFIER
- control field: DLC
005 - DATE AND TIME OF LATEST TRANSACTION
- control field: 20240201153311.0
008 - FIXED-LENGTH DATA ELEMENTS
- fixed length control field: 881006n| acannaabn |a aaa
010 ## - LIBRARY OF CONGRESS CONTROL NUMBER
- LC control number: n 88012950
035 ## - SYSTEM CONTROL NUMBER
- System control number: (OCoLC)oca02375962
040 ## - CATALOGING SOURCE
- Original cataloging agency: DLC
- Language of cataloging: spa
- Transcribing agency: Mx-PuUPA
- Modifying agency: OCoLC
- Modifying agency: Mx-PuUPA
- Description conventions: rda
046 ## - SPECIAL CODED DATES
- Birth date: 1948
100 1# - HEADING--PERSONAL NAME
- Personal name: Haya de la Torre, Agustín,
- Dates associated with a name: 1948-
373 ## - ASSOCIATED GROUP
- Associated group: Universidad de Nimega
374 ## - OCCUPATION
- Occupation: Autor
- Occupation: Doctor en Ciencias Sociales
375 ## - GENDER
- Gender: hombre
377 ## - ASSOCIATED LANGUAGE
- Language code: spa
400 1# - SEE FROM TRACING--PERSONAL NAME
- Personal name: Torre, Agustín Haya de la,
- Dates associated with a name: 1948-
400 1# - SEE FROM TRACING--PERSONAL NAME
- Personal name: De la Torre, Agustín Haya,
- Dates associated with a name: 1948-
400 1# - SEE FROM TRACING--PERSONAL NAME
- Personal name: La Torre, Agustín Haya de,
- Dates associated with a name: 1948-
670 ## - SOURCE DATA FOUND
- Source citation: His El retorno de la barbarie, 1987:
- Information found: t.p. (Agustín Haya de la Torre) p. 4 of cover (b. 1948 in Lima)